|
|
|
|
| LEADER |
01152nam a2200313 i 4500 |
| 001 |
41176 |
| 003 |
BD-DhAAL |
| 008 |
230430t2015 enk 000 0 eng d |
| 010 |
|
|
|a 2020362237
|
| 020 |
|
|
|a 9781847941329 (hardback)
|
| 020 |
|
|
|a 9781847941336 (paperback)
|
| 040 |
|
|
|a DLC
|b eng
|e rda
|c DLC
|d BD-DhAAL
|
| 041 |
1 |
|
|a chi
|h eng
|
| 042 |
|
|
|a pcc
|
| 050 |
0 |
0 |
|a HM901
|b .H36127 2020
|
| 066 |
|
|
|c $1
|
| 082 |
|
|
|a 303.49
|2 23
|
| 100 |
1 |
|
|a Handy, Charles B.
|e author.
|9 11759
|
| 245 |
|
|
|a The second curve :
|b thoughts on reinventing society /
|c Charles Handy.
|
| 260 |
|
|
|a London :
|b Random House Business,
|c c2015.
|
| 300 |
|
|
|a 230 pages ;
|c 21 cm.
|
| 541 |
|
|
|a Complimentary copy from Dr. Sang Hoon Lee, Dean of Brac Business School, Brac University
|e 41176
|
| 650 |
|
0 |
|a Social prediction.
|
| 650 |
|
0 |
|a Economic forecasting.
|
| 650 |
|
0 |
|a Social sciences.
|
| 852 |
|
|
|a Ayesha Abed Library
|c General Stacks
|
| 942 |
|
|
|2 ddc
|c BK
|
| 999 |
|
|
|c 45691
|d 45691
|
| 952 |
|
|
|0 0
|1 0
|2 ddc
|4 0
|6 303_490000000000000_HAN
|7 0
|9 73574
|a BRACUL
|b BRACUL
|c GEN
|d 2023-04-30
|e Complimentary copy from Dr. Sang Hoon Lee
|l 0
|o 303.49 HAN
|p 3010041176
|r 2023-04-30
|t 1
|w 2023-04-30
|y BK
|